书目信息 |
| 题名: |
木醋液利用技术
|
|
| 作者: | 许英梅 , 张秋民 编著 | |
| 分册: | ||
| 出版信息: | 北京 化学工业出版社 2008 |
|
| 页数: | 118页 | |
| 开本: | 24cm | |
| 丛书名: | ||
| 单 册: | ||
| 中图分类: | TQ351.27 | |
| 科图分类: | ||
| 主题词: | 木醋液--技术 , 木醋液 | |
| 电子资源: | ||
| ISBN: | 978-7-122-03028-3 | |
| 000 | 00963nam0 2200253 45 | |
| 001 | 1033122875 | |
| 005 | 20100407100521.23 | |
| 010 | @a978-7-122-03028-3@dCNY29.00 | |
| 100 | @a20100402d2008 em y0chiy50 ea | |
| 101 | 0 | @achi |
| 102 | @aCN@b110000 | |
| 105 | @aa z 000yy | |
| 106 | @ar | |
| 200 | 1 | @a木醋液利用技术@AMu Cu Ye Li Yong Ji Shu@f许英梅,张秋民等编著@FXu Ying Mei, Zhang Qiu Min Deng Bian Zhu |
| 210 | @a北京@c化学工业出版社@d2008 | |
| 215 | @a118页@c图@d24cm | |
| 330 | @a本书系统介绍了木醋液的组成、性质、精制分离技术及其利用技术,并以实例的方式全面介绍了作者及课题组所研究的将木醋液转化成醋酸钙镁盐(CMA)类环保型融雪剂的工艺方法(专利号:ZL 2005 1 0054964.5)以及日本在木醋液应用领域的研究开发成果。 | |
| 606 | 0 | @a木醋液@x技术 |
| 606 | 0 | @a木醋液 |
| 690 | @aTQ351.27@v4 | |
| 701 | 0 | @a许英梅@AXu Ying Mei@4编著 |
| 701 | 0 | @a张秋民@AZhang Qiu Min@4编著 |
| 801 | 0 | @aCN@bTANGWEI@c20100407 |
| 905 | @b0588643-45@dTQ351.27@e10@f3 | |
| 木醋液利用技术/许英梅,张秋民等编著.-北京:化学工业出版社,2008 |
| 118页:图;24cm |
| ISBN 978-7-122-03028-3:CNY29.00 |
| 本书系统介绍了木醋液的组成、性质、精制分离技术及其利用技术,并以实例的方式全面介绍了作者及课题组所研究的将木醋液转化成醋酸钙镁盐(CMA)类环保型融雪剂的工艺方法(专利号:ZL 2005 1 0054964.5)以及日本在木醋液应用领域的研究开发成果。 |
| ● |
| 相关链接 |
|
|
|
|
正题名:木醋液利用技术
索取号:TQ351.27/10
 
预约/预借
| 序号 | 登录号 | 条形码 | 馆藏地/架位号 | 状态 | 备注 |
| 1 | 0588643 | 205886433 | 第二样本阅览室/ [索取号:TQ351.27/10] | 在馆 | |
| 2 | 0588644 | 205886442 | 第三借阅区/ [索取号:TQ351.27/10] | 在馆 | |
| 3 | 0588645 | 205886451 | 第三借阅区/ [索取号:TQ351.27/10] | 在馆 |